[Event "Paris Apsap op 103rd"]
[Site "Paris"]
[Date "2008.08.10"]
[Round "2"]
[White "Vallejo Pons, Francisco"]
[Black "Radovanovic, Nicolas"]
[Result "1-0"]
[WhiteElo "2650"]
[BlackElo "2041"]
[PlyCount "33"]
[EventDate "2008.08.06"]
[EventType "swiss"]
[EventRounds "9"]
[EventCountry "FRA"]
[SourceTitle "EXT 2010"]
[Source "ChessBase"]
[SourceDate "2010.11.25"]
[SourceVersion "1"]
[SourceVersionDate "2010.11.25"]
[SourceQuality "1"]

1. e4 e6 2. d3 d5 3. Qe2 c5 4. Nf3 Nf6 5. g3 Be7 6. Bg2 Nc6 7. 0-0 0-0 8. e5 Nd7 9. c4 f6 10. exf6 Nxf6 11. b3 Ng4 12. Bb2 Bf6 13. Nc3 Nd4 14. Nxd4 cxd4 15. Nb5 a6 16. Nxd4 dxc4 17. Qxg4 1-0